000 00624nam a2200229Ia 4500
003 OSt
005 20221007063016.0
006 a|||||r|||| 00| 0
007 ta
008 221006b |||||||| |||| 00| 0 eng d
024 _a7,996
037 _cTextual
040 _aFLL
_cFLL
_beng
041 _2eng
_aeng
082 _aZ:91xL48, J0;L5
100 _aBentham Jeremy Au.
_9683468
245 0 _aTheory of legislation
260 _aBombay
_bN.M. Tripathi private limited India
_c1975
300 _a294p
_ccm.
942 _hZ:91xL48, J0;L5
_cTEXL
_2CC
999 _c1130086
_d1130086